000
00273nam a22001217a 4500
008
181210b xxu||||| |||| 00| 0 eng d
041
_a
eng
080
_a
510
100
_a
37
101
_a
mat
245
_a
Linear Algebra Group Theory
_c
Richard..A.S
942
_2
udc
_c
BK
999
_c
53117
_d
53117